| 000 | 01299nam a2200193 a 4500 | ||
|---|---|---|---|
| 001 | 000024072 | ||
| 005 | 20200930022708.0 | ||
| 008 | 110118s2005 ec a r 000 | spa d | ||
| 020 | _a9978872612 | ||
| 040 |
_aDO-SdBNP _bspa _cBNPHU |
||
| 082 |
_axxx _bM636 |
||
| 245 | 1 | 0 |
_aMigrantes : _bproblemas y ayudas / _cedición de Javier Ponce Leiva. |
| 260 |
_aQuito, Ecuador : _bEl Conejó, _c2005. |
||
| 300 |
_a279 p. : _bil. ; _c21 cm. |
||
| 500 | _aIncluye notas al pie de páginas | ||
| 505 | 0 |
_tEstudio introductorio / _rJavier Ponce Leiva _tLos mecanismos internacionales de protección de los derechos inmigrantes / _rBolívar Torres _tEl plan nacional de apoyo a los emigrantes y sus familias / _rPatricia Borja _tLa inmigración ecuatoriana en España: nuevas vidas nuevos problemas / _rPilar Ponce _tEl plan Bush para las migraciones / _rVerónica Aguilar _tReseña histórica de la migración ecuatoriana a Alemania / _rXavier Bustamante _tLa migración ecuatoriana en los países de tránsito de Centroamérica / _rJulia Alarcón _tLa acción de la ong y asociaciones de emigrantes en ecuador / _rMiriam Esparza _tEl impacto del fenómeno de los desplazados, solicitantes de refugio y refugiados colombianos en el ecuador / _rSantiago Martínez |
|
| 700 | 1 |
_aPonce Leiva, Javier _bed. _949459 |
|
| 049 | _aBNGR | ||
| 999 |
_c23567 _d23567 |
||